Wprowadzenie do jazyka C

Guardado en:
Detalles Bibliográficos
Formato: Libro
Lenguaje:polaco
Publicado: Warszawa Wyd. Naukowo-Techn. 1988
Edición:1. wyd.
Etiquetas: Agregar Etiqueta
Sin Etiquetas, Sea el primero en etiquetar este registro!

MARC

LEADER 00000nam a2200000 4500
001 c035772
005 20250916080003.7
041 0 |a pol 
044 |a PL 
245 1 0 |a Wprowadzenie do jazyka C  |c Jan Bielecki 
250 |a 1. wyd. 
264 1 |a Warszawa  |b Wyd. Naukowo-Techn.  |c 1988 
300 |a 236 s.